000 01019nam a22003371i 4500
999 _c854
_d854
001 020577884
003 UkOxU
005 20191223145201.0
008 160120s2016 enka j 001|0|eng|d
015 _aGBB633620
_2bnb
016 7 _a017765291
_2Uk
020 _a9781407163901 (pbk.) :
035 _a(Uk)017765291
040 _aStDuBDS
_beng
_erda
_cStDuBDS
_dUk
042 _aukblsr
082 0 4 _a909 DEA
_223
100 1 _aDeary, Terry,
_eauthor.
245 1 0 _aMeasly Middle Ages /
_cTerry Deary ; illustrated by Martin Brown.
264 1 _aLondon :
_bScholastic,
_c2016.
300 _a1 volume ; 140 p. :
_billustrations (black and white) ;
_c20 cm.
336 _atext
_2rdacontent
336 _astill image
_2rdacontent
337 _aunmediated
_2rdamedia
338 _avolume
_2rdacarrier
490 0 _aHorrible histories
500 _aIncludes index.
500 _aFormerly CIP.
_5Uk
650 0 _aMiddle Ages
_vJuvenile literature.
700 1 0 _aBrown, Martin,
_d1959-
_eillustrator.
942 _2ddc
_cNFIC